Sensation : young British artists from the Saatchi Collectioni /
محفوظ في:
| مؤلف مشترك: | |
|---|---|
| التنسيق: | غير معروف |
| اللغة: | English |
| منشور في: |
Londres :
Thames and Hudson,
1998.
|
| الموضوعات: | |
| الوسوم: |
إضافة وسم
لا توجد وسوم, كن أول من يضع وسما على هذه التسجيلة!
|
MARC
| LEADER | 000000000a22000000004500 | ||
|---|---|---|---|
| 001 | 014261 | ||
| 020 | |a 0500280428 | ||
| 041 | 0 | |a eng | |
| 082 | 0 | 4 | |a 709.410.74 |b R817s |
| 110 | 2 | |a Royal Academy of Arts (Great Britain) | |
| 245 | 1 | 0 | |a Sensation : |b young British artists from the Saatchi Collectioni / |c Royal Academy of Arts. |
| 260 | 1 | |a Londres : |b Thames and Hudson, |c 1998. | |
| 300 | |a 222 páginas : |b ilustraciones (algunas a color) ; |c 29 cm. | ||
| 650 | 4 | |a EXPOSICIONES | |
| 650 | 4 | |a ARTE BRITANICO | |
| 650 | 4 | |a SIGLO 20 | |
| 500 | |a Colección George Yúdice | ||
| 999 | |c 20155 |d 20155 | ||
| 942 | |c BK |h 709.410.74 R817s |2 z | ||



